000 00741nam a2200217 ar4500
001 3014
005 20221127090646.0
008 121224s xxk 0001f|eng d
020 _a9781846552625(pbk) :
_cSR00.00
082 0 4 _a839.693
_bIn2 2009
100 1 _aIndridason, Arnaldur.
245 1 0 _aHypothermia /
_cA. Indridason ; translated by Victoria Cribb.
260 _aLondon :
_bHarvill Secker,
_c2009.
300 _a314 p. ;
_c24 cm.
500 _aFirst published in Iceland as Hardskafi. 2007.
650 4 _aIcelandic fiction
_xTranslations into English.
650 4 _aDetective and mystery stories.
650 4 _aMurder
_zIceland
_vFiction.
650 4 _aIcelandic literature
_x20th century.
700 0 _acribb, Victoria,
_etranslator.
999 _c3012
_d3012